| 000 | 00366nam a2200145 4500 | ||
|---|---|---|---|
| 001 | 136345 | ||
| 003 | ES-MaACL | ||
| 005 | 20230906195109.0 | ||
| 007 | t| | ||
| 008 | 070214s1967 sp r ||||1| spa d | ||
| 245 | 0 | 3 | _aEl sacerdote en la misión obrera. |
| 260 |
_aMadrid : _bPopular, _c1967. |
||
| 300 |
_a91 p. ; _c21 cm. |
||
| 852 |
_aES-MaACL _jC-33482 _bR.64271 |
||
| 999 |
_c136345 _d136345 |
||